Guess the 1960s song lyrics #113 - Statistics

General Stats
  • This quiz has been taken 9 times
  • The average score is 127 of 159
Answer Stats
Answer % Correct
a
100%
and
100%
And
100%
be
100%
Go
100%
go
100%
I
100%
If
100%
if
100%
I'm
100%
is
100%
it
100%
know
100%
love
100%
me
100%
on
100%
Then
100%
to
100%
you
100%
You
100%
your
100%
boy
88%
find
88%
like
88%
my
88%
My
88%
of
88%
Tell
88%
tell
88%
want
88%
what
88%
with
88%
as
75%
Baby
75%
baby
75%
But
75%
Don't
75%
get
75%
heart
75%
I'll
75%
Life
75%
not
75%
So
75%
something
75%
time
75%
will
75%
deep
63%
down
63%
girl
63%
gone
63%
have
63%
inside
63%
let
63%
play
63%
too
63%
toy
63%
well
63%
yourself
63%
believe
50%
here
50%
live
50%
nothing
50%
short
50%
today
50%
tomorrow
50%
are
38%
foolish
38%
guide
38%
makes
38%
may
38%
might
38%
Aaron Neville
25%
expensive
25%
forget
25%
littl
25%
pride
25%
serious
25%
sorrow
25%
ashamed
13%
conscience
13%
furious
13%
little
13%
No matching quizzes found
Score Distribution
Percent of People with Each Score
Percentile by Number Answered
Your Score History
You have not taken this quiz